000 00691nam a22002177a 4500
999 _c53740
_d53740
005 20210325201822.0
008 s2007 eng d
020 _a9780275974381
040 _aNALT
041 _aeng
050 _aDS 644.32
_bH86S 2007
100 1 _aHunter, Helen--Louise
_948537
245 1 0 _aSukarno and the Indonesian coup :
_bthe untold story /
_cHelen-Louise Hunter.
260 _aWestport :
_bPaeger Security International,
_c2007
300 _a200 p. ;
_c24 cm.
_b
600 2 0 _948538
_aSoekarno,
_d1901-1970.
610 0 _948540
_aPartai Komunis Indonesia
651 0 _948539
_aIndonesia
_xHistory
_yCoup d'état, 1965.
850 _aNALT
942 _cGB
_01
_2lcc